000
00334 a2200145 4500
001
168080
020
_a
040
_c
Magnum
100
_a
Cook-Gumperz, Jenny (Org.)
240
1
0
_a
A construcao social da alfabetizacao
_l
por
245
1
0
_a
A construcao social da alfabetizacao
362
0
_a
1899
697
_a
ENSINO
942
_c
BK
999
_c
168080
_d
168080